Revolt in Mindanao the rise of Islam in Philippine politics

Spremljeno u:
Bibliografski detalji
Glavni autor: T.J.S. George.
Format: Knjiga
Jezik:Undetermined
Izdano: New York,Kuala Lumpur Oxford University Press 1980
Teme:
Oznake: Dodaj oznaku
Bez oznaka, Budi prvi tko označuje ovaj zapis!
Thư viện lưu trữ: Trung tâm Học liệu Trường Đại học Cần Thơ
LEADER 00593nam a2200217Ia 4500
001 CTU_90752
008 210402s9999 xx 000 0 und d
082 |a 959.97046 
082 |b G347 
100 |a T.J.S. George. 
245 0 |a Revolt in Mindanao 
245 4 |b the rise of Islam in Philippine politics 
245 0 |c T.J.S. George. 
260 |a New York,Kuala Lumpur 
260 |b Oxford University Press 
260 |c 1980 
650 |a muslims 
650 |x political activity 
650 |z philippines 
904 |i Năm 
980 |a Trung tâm Học liệu Trường Đại học Cần Thơ